000 01067nam a2200313Ia 4500
005 20220317001459.0
008 161108s2016 s a g 000 f s
020 _a9788498386196
100 1 _aPaver, Michelle
_d1960-
245 1 3 _aEl cazador de fantasmas
_bcrónicas de la prehistoria, VI
_cMichelle Paver
250 _a1a. edición
300 _a253 páginas
_bilustraciones en blanco y negro
_c22 cm
490 _aNarrativa joven
534 _tGhost hunter
650 1 4 _2LEMB
_aNovela inglesa
_ySiglo XX
650 1 4 _2LEMB
_aLiteratura inglesa
_ySiglo XX
650 1 4 _2LEMB
_aSupervivencia en la literatura
650 1 4 _2LEMB
_aNarraciones fantasticas
650 1 4 _2LEMB
_aBrujas en la literatura
650 1 4 _2LEMB
_aAmistad en la literatura
650 1 4 _2LEMB
_aMundos fantásticos en la literatura
942 _2loc
_cBKLIT
264 _aBarcelona
_bSalamandra
_c[2016]
336 _atexto
_btxt
_2rdacontent
337 _asin mediación
_bn
_2rdamedia
338 _avolumen
_bnc
_2rdacarrier
040 _aCO-BoRNBP
_bspa
_erda
_cCO-BoRNBP
084 _aN PAV3
999 _c7104
_d7104